000 00648nam a2200181Ia 4500
008 090124s9999 xx 000 0 und d
082 _b100559
100 _aशेटये वि. गो. (विश्र्वनाथ गोपाळ)
245 _a सं. राम रहीम
250 _a0
260 _c1924
300 _a100
600 _aशेटये वि. गो. (विश्र्वनाथ गोपाळ)
630 _a सं. राम रहीम
700 _aशेटये वि. गो. (विश्र्वनाथ गोपाळ)
730 _a सं. राम रहीम
942 _cBOOK
999 _c146651
_d146651